Sistema de clasificacion bibliografica de arquitectura y urbanismo. (Record no. 13649)

MARC details
000 -CABECERA
campo de control de longitud fija 00561nam a22001817a 4500
003 - IDENTIFICADOR DEL NÚMERO DE CONTROL
campo de control OSt
005 - FECHA Y HORA DE LA ÚLTIMA TRANSACCIÓN
campo de control 20260530115318.0
008 - DATOS DE LONGITUD FIJA--INFORMACIÓN GENERAL
campo de control de longitud fija 260507b1976 mx |||| |||| 00| 0 spa d
040 ## - FUENTE DE LA CATALOGACIÓN
Centro catalogador/agencia de origen ICI
Lengua de catalogación spa
Centro/agencia transcriptor ICI
050 ## - SIGNATURA TOPOGRÁFICA DE LA BIBLIOTECA DEL CONGRESO
Número de clasificación Z697.A7
Número de documento/Ítem K37
100 1# - ENTRADA PRINCIPAL--NOMBRE DE PERSONA
Nombre de persona Katzman, Israel,
Fechas asociadas al nombre 1930-
Término indicativo de función/relación autor
9 (RLIN) 33943
245 10 - MENCIÓN DE TÍTULO
Título Sistema de clasificacion bibliografica de arquitectura y urbanismo.
260 ## - PUBLICACIÓN, DISTRIBUCIÓN, ETC.
Lugar de publicación, distribución, etc. México :
Nombre del editor, distribuidor, etc. Indeco,
Fecha de publicación, distribución, etc. 1976
300 ## - DESCRIPCIÓN FÍSICA
Extensión 40 páginas
Dimensiones 21cm.
490 0# - MENCIÓN DE SERIE
Mención de serie Publicaciones del CIDIV ;
Designación de volumen o secuencia 1
650 4# - PUNTO DE ACCESO ADICIONAL DE MATERIA--TÉRMINO DE MATERIA
Término de materia o nombre geográfico como elemento de entrada Libros
Subdivisión general Clasificación
-- Arquitectura
9 (RLIN) 33944
942 ## - ELEMENTOS DE PUNTO DE ACCESO ADICIONAL (KOHA)
Fuente del sistema de clasificación o colocación Library of Congress Classification
Tipo de ítem Koha
Suprimir en OPAC 0

No items available.